| 000 | 04154nam a2200349 i 4500 | ||
|---|---|---|---|
| 001 | 000027026 | ||
| 003 | DO-SdBNP | ||
| 005 | 20240913141919.0 | ||
| 007 | ta | ||
| 008 | 110329s1973 dr ac 000 0 spa d | ||
| 040 |
_aDO-SdBNP _bspa _cBNPHU _erda |
||
| 082 | 4 |
_a972.9305 _bD637h 1973 _222 |
|
| 245 | 0 | 0 |
_aDocumentos históricos que se refieren a la intervención armada de los Estados Unidos de Norte-América y la implantación de un gobierno militar americano en la República Dominicana / _crecopilado por Antonio Hoepelman y Juan A. Senior. |
| 250 | _a2a. ed. | ||
| 264 |
_aSanto Domingo : _bLibrería Dominicana, _c1973. |
||
| 300 |
_a374 páginas : _bilustraciones y retratos ; _c21 cm. |
||
| 336 |
_2rdacontent _atexto _btxt |
||
| 337 |
_2rdamedia _asin mediación _bn |
||
| 338 |
_2rdacarrier _avolumen _bnc |
||
| 490 | 0 |
_aPensamiento dominicano ; _v1 |
|
| 505 | _aTítulos,5.-- Introducción,7.-- Palabras preliminares,9.-- Datos biográficos de Monseñor Adolfo A. Nouel,13.-- Carta de monseñor Nouel al ministro americano Russell,17.-- Datos biográficos del licdo. Jacinto R. de Castro,20.-- La junta consultiva ante la comisión senatorial,24.-- Datos biográficos de don Federico Velázquez H.,26.-- Senador Attlee Pomerene,30.-- Senador Joseph Medill Mc Cormick,35.-- Senador Aristieus Andrieus Jones,36.-- Senador Tasker Lowndes Oddie,39.-- George Russell Leonard, taquígrafo,40.-- La comisión senatorial inicia sus labores,41.-- Licdo. Francisco J. Peynado,45.-- Extracto de las declaraciones del lic. Francisco J. Peynado,47.-- Dr. Moisés García Mella,60.-- Declaraciones del dr. Moisés García Mella,63.-- Opinión del dr. Moisés García Mella,82.-- Licdo. Pedro A. Pérez, 84.-- El lic. Pedro A. Pérez ante la comisión senatorial,88.-- Licdo. Enrique Henríquez, 100.-- Importantes declaraciones del Lic. Enrique Henríquez, 104.-- Licdo. Arturo Logroño,114.-- El licdo. Logroño ante la comisión,117.-- Don José Manuel Jimenes,140.-- Declaraciones de don José Manuel Jimenes,143.-- Don Pedro A. Ricart,151.-- Palabras del presidente de la cámara de comercio,152.-- El dr. Coradín frente a la comisión senatorial,154.--Pedro Hernández Rivera ante la comisión,158.-- Otra vez el doctor Coradín ante la comisión,164.-- Licdo. Manuel de J. González Marrero,173.-- Declaraciones del sr. Luis Batista,174.-- Don Rafael Isaac Pou,185.-- El sr. Rafael Isaac Pou ante la comisión senatorial,186.-- Licdo. Rafael Justino Castillo,203.-- Sensacionales declaraciones del sr. Fco. A. Cordero,204.-- Declaraciones del sr. Jesús Ma. Vásquez,208.-- Declaraciones del sr. Emilio Suárez,219.-- Don Jesús Cobian Arango,230.-- Declaraciones del sr. Doroteo A. Regalado,234.-- Hon. Horace Greeley Knowles,240.-- Declaraciones de Knowles ante la comisión de senadores,243.-- Manifestación de protesta del pueblo dominicano,251.-- Don Julio F. Peynado,255.-- Palabras pronunciadas por el prof. Julio F. Peynado,257.-- Palabras del senador Mc Cormick,260.-- Palabras del senador Pomerene,261.-- Informe del licdo. Francisco J. Peynado,263.-- Dr. Francisco Henríquez y Carvajal,294.-- General Horacio Vásquez,300.-- Licdo. Enrique Jimenez,306.-- Compromiso solemne de Puerto Plata,312.-- Licdo. Cayetano Armando Rodríguez,319.-- Consultor jurídico de la S. de E. de justicia etc.,321.-- Carta de la Hon. Cámara de Cuentas de la República,326.-- Se hace conocer uno de los tentáculos etc,328.-- Resumen de las actuaciones de la cancillería dominicana,330.-- Página final,372. | ||
| 533 |
_aFacsímil: _bSanto Domingo : _cImprenta de J.R. Vda Garcia _d1922. |
||
| 590 | _aInventariado, 2020/MF | ||
| 650 | 4 |
_aEstados unidos _xRelaciones exteriores _zRepública Dominicana _944925 |
|
| 651 | 0 |
_aRepública Dominicana -- _xHistoria -- _yOcupación norteamericana, 1916-1924 _91926 |
|
| 651 | 4 |
_aEstados Unidos _xRelaciones exteriores _zRepública Dominicana _96309 |
|
| 651 | 4 |
_aRepública Dominicana _xRelaciones Exteriores _zEstados Unidos _96308 |
|
| 700 | 1 |
_aHoepelman, Antonio, _ecompilador _935971 |
|
| 700 | 1 |
_aSenior, Juan A., _ecompilador _954125 |
|
| 910 | _aValidado. Control de calidad EMS. | ||
| 942 |
_2ddc _cLBS1 |
||
| 999 |
_c26518 _d26518 |
||